00345nam a2200121Ia 4500020001500000082002200015100002200037245003000059260004100089500003100130504002700161650003500188 a8120725360 aRR 954.9303 GUN-E aGunawaedena, C.A. 0aEncyclopedia of Sri Lanka aNew DelhibSterling Publishersc2003 acontents: 2 vols (xi, 323) aincludes bibliography  aEncyclopedias and dictionaries